Jawaharlal Nehru : (Record no. 137064)

MARC details
000 -LEADER
fixed length control field 00684nam a22002177a 4500
010 ## - LIBRARY OF CONGRESS CONTROL NUMBER
LC control number 962984
035 ## - SYSTEM CONTROL NUMBER
System control number 962984
037 ## - SOURCE OF ACQUISITION
Source of stock number/acquisition Cen Lib / Ret
040 ## - CATALOGING SOURCE
Original cataloging agency DPL
Language of cataloging En
082 ## - DEWEY DECIMAL CLASSIFICATION NUMBER
Classification number 921
Item number NEH
100 ## - MAIN ENTRY--PERSONAL NAME
Personal name Sarvepalli Gopal
245 ## - TITLE STATEMENT
Title Jawaharlal Nehru :
Remainder of title a biography /
Statement of responsibility, etc by Sarvepalli Gopal
260 ## - PUBLICATION, DISTRIBUTION, ETC. (IMPRINT)
Place of publication, distribution, etc Delhi
Name of publisher, distributor, etc Oxford University Press
Date of publication, distribution, etc 1979
270 ## - ADDRESS
Address 2/11 Ansari Road Daryaganj
City Delhi
300 ## - PHYSICAL DESCRIPTION
Extent (v 2. 346p)
Dimensions 27cm(hb)
505 ## - FORMATTED CONTENTS NOTE
Formatted contents note v 2. 1947-1956
650 ## - SUBJECT ADDED ENTRY--TOPICAL TERM
Topical term or geographic name as entry element Nehru, Jawaharlal, -- 1889-1964.
650 ## - SUBJECT ADDED ENTRY--TOPICAL TERM
Topical term or geographic name as entry element India -- Politics and government -- 20th century.
650 ## - SUBJECT ADDED ENTRY--TOPICAL TERM
Topical term or geographic name as entry element Prime ministers -- India -- Biography.
942 ## - ADDED ENTRY ELEMENTS (KOHA)
Source of classification or shelving scheme Dewey Decimal Classification
Koha item type English Books
Classification part 921
Call number suffix NEH
Holdings
Withdrawn status Lost status Materials specified (bound volume or other part) Damaged status Not for loan Home library Current library Date acquired Source of acquisition Total Checkouts Full call number Barcode Date last seen Copy number Price effective from Koha item type
    v 2     Central Library Central Library 15/03/2016 Cen Lib/Ret   921 NEH 962984 15/03/2016 1 15/03/2016 English Books
    A-710417     Central Library Central Library 16/03/2016 Cen Lib/Ret   921 NEH A-710417 16/03/2016 1 16/03/2016 English Books

© Delhi Public Library
Hit Counter
free hit counter